00869cam a22002651 45000010008000000030004000080050017000120080041000290100017000700150013000870350018001000400029001180420012001470500015001590820019001741000029001932450129002222600035003513000040003864400051004265040032004776500026005096510026005357000042005617537886OSt20200104120126.0740816s1966 enka b 000 0 eng  a 66071959  aB66-1823 a(OCoLC)977913 aDLCcOTUdOCoLCdUkdDLC apremarc00aHD82b.B52 a338.942bBIR/P aBirmingham, Walter eed.10aPlanning and growth in rich and poor countries;cedited by Walter Birmingham and A.G. Ford, foreword by Professor R.L. Meek. aLondon,bAllen & Unwin,c1966. a2-267 p.btables, 2 diagrs.c22 cm. 0aMinerva series of students' handbooks,vno. 16 aBibliography: p. [262]-263. 0aEconomic development. 0aDeveloping countries.1 aFord, A. G.q(Alec George)ejoint ed.